[Event "Loire-ch Top20 1112"]
[Site "Loire"]
[Date "2012.03.03"]
[Round "5.3"]
[White "Bruel, Bruno"]
[Black "Deville, Olivier"]
[Result "1/2-1/2"]
[WhiteElo "1720"]
[BlackElo "1965"]
[PlyCount "170"]
[EventDate "2011.10.08"]
[EventType "tourn"]
[EventRounds "7"]
[EventCountry "FRA"]
[SourceTitle "EXT 2014"]
[Source "ChessBase"]
[SourceDate "2013.11.20"]
[SourceVersion "1"]
[SourceVersionDate "2013.11.20"]
[SourceQuality "1"]

1. d4 Nf6 2. c4 e6 3. Nc3 Bb4 4. Qc2 c5 5. e3 0-0 6. Bd3 b6 7. Nge2 Bb7 8. 0-0 Bxc3 9. Nxc3 cxd4 10. exd4 Nc6 11. Rd1 Nb4 12. Qe2 Nxd3 13. Qxd3 h6 14. Bf4 d5 15. b3 dxc4 16. bxc4 Ba6 17. Rac1 Nd5 18. Bg3 Nxc3 19. Qxc3 Rc8 20. Qb3 Qg5 21. Qa4 Qa5 22. Qxa5 bxa5 23. c5 Rfd8 24. c6 Rd5 25. c7 Bb5 26. Rc5 Rxc5 27. dxc5 Ba6 28. Rd6 Bb7 29. c6 Ba6 30. Rd1 f6 31. Bd6 e5 32. a4 Kf7 33. f4 e4 34. f5 Bd3 35. Rd2 g6 36. g4 gxf5 37. gxf5 Rg8+ 38. Kf2 e3+ 39. Kxe3 Bxf5 40. Bf4 Re8+ 41. Kf2 Re4 42. Kf3 Re8 43. Bxh6 Be4+ 44. Kf2 Bxc6 45. Bf4 Rc8 46. Rd4 Ke7 47. h4 Rg8 48. Bd6+ Kf7 49. Bg3 Ke7 50. h5 Bd7 51. h6 Rh8 52. Bf4 Rc8 53. Ke3 Rg8 54. Rc4 Bc8 55. Rc5 Kd7 56. Rxa5 a6 57. Rd5+ Ke7 58. Rd4 Bd7 59. Rb4 Bc8 60. Rb8 Kd7 61. Rb6 Ke7 62. Rd6 Rh8 63. a5 Bb7 64. Kd4 Rxh6 65. Rd8 Rh4 66. Ke3 Rh3+ 67. Kd2 Rh5 68. c8Q Bxc8 69. Rxc8 Rxa5 70. Ra8 Ke6 71. Ke3 Kf5 72. Bc7 Ra3+ 73. Kd4 Ra1 74. Ke3 Rc1 75. Ba5 Rc6 76. Bd2 Re6+ 77. Kf3 Rb6 78. Be3 Rc6 79. Ra7 Ke5 80. Bf4+ Kd4 81. Be3+ Kc4 82. Ke4 Re6+ 83. Kf3 Kb5 84. Rb7+ Ka4 85. Rb6 Rxb6 1/2-1/2

[Event "Loire-ch Top20 1112"]
[Site "Loire"]
[Date "2011.12.03"]
[Round "3.8"]
[White "Boeuf, Jean Julien"]
[Black "Bruel, Bruno"]
[Result "0-1"]
[WhiteElo "1550"]
[BlackElo "1710"]
[PlyCount "100"]
[EventDate "2011.10.08"]
[EventType "tourn"]
[EventRounds "7"]
[EventCountry "FRA"]
[SourceTitle "EXT 2014"]
[Source "ChessBase"]
[SourceDate "2013.11.20"]
[SourceVersion "1"]
[SourceVersionDate "2013.11.20"]
[SourceQuality "1"]

1. e4 c5 2. c3 e6 3. d4 d5 4. e5 cxd4 5. cxd4 Ne7 6. Nf3 Ng6 7. Bd3 Be7 8. 0-0 0-0 9. Bd2 Nc6 10. a3 a6 11. b4 b5 12. Bc1 Bb7 13. Re1 Qb6 14. Bb2 a5 15. Nc3 Ba6 16. bxa5 Nxa5 17. a4 Nc4 18. Qb3 b4 19. Nb1 Nf4 20. Bf1 Rfc8 21. Bc1 Ng6 22. Rd1 Na5 23. Qb2 Rc7 24. Na3 Bxf1 25. Rxf1 Nc4 26. Qb1 bxa3 27. Qxb6 Nxb6 28. Bxa3 Bxa3 29. Rxa3 Rxa4 30. Rxa4 Nxa4 31. Ra1 Nb6 32. g3 h6 33. Ra6 Rc1+ 34. Kg2 Nc4 35. Ra8+ Kh7 36. Ra7 Nh8 37. g4 g5 38. h4 gxh4 39. Nxh4 Kg7 40. Kg3 Ng6 41. Nxg6 Kxg6 42. f4 Rc3+ 43. Kh4 Ne3 44. f5+ exf5 45. Ra6+ Kg7 46. gxf5 Nxf5+ 47. Kg4 Nxd4 48. Ra5 Kg6 49. Rxd5 Ne6 50. Ra5 Rc5 0-1

[Event "Loire-ch Top20 1112"]
[Site "Loire"]
[Date "2011.11.05"]
[Round "2.7"]
[White "Bruel, Bruno"]
[Black "Furnon, Yannick"]
[Result "1/2-1/2"]
[WhiteElo "1710"]
[BlackElo "1860"]
[PlyCount "54"]
[EventDate "2011.10.08"]
[EventType "tourn"]
[EventRounds "7"]
[EventCountry "FRA"]
[SourceTitle "EXT 2014"]
[Source "ChessBase"]
[SourceDate "2013.11.20"]
[SourceVersion "1"]
[SourceVersionDate "2013.11.20"]
[SourceQuality "1"]

1. d4 d5 2. c4 c6 3. Nf3 Nf6 4. Nc3 dxc4 5. a4 Bf5 6. e3 e6 7. Bxc4 Bb4 8. 0-0 0-0 9. Na2 Bd6 10. Nc3 Nbd7 11. b3 Qe7 12. Bd3 Bxd3 13. Qxd3 e5 14. Ne4 Nxe4 15. Qxe4 Nf6 16. Qh4 e4 17. Nd2 Rad8 18. f3 Rfe8 19. Nc4 Qe6 20. Bd2 Bc7 21. Kh1 Rd5 22. f4 Rh5 23. Qg3 Qf5 24. Ne5 Re6 25. Rac1 Nd5 26. b4 Reh6 27. Qg4 Qxg4 1/2-1/2

[Event "Loire-ch Top20 1011"]
[Site "Loire"]
[Date "2010.12.18"]
[Round "3"]
[White "Bruel, Bruno"]
[Black "Deville, Olivier"]
[Result "0-1"]
[WhiteElo "1750"]
[BlackElo "1979"]
[PlyCount "74"]
[EventDate "2010.10.09"]
[EventType "swiss"]
[EventRounds "7"]
[EventCountry "FRA"]
[SourceTitle "EXT 2012"]
[Source "ChessBase"]
[SourceDate "2011.11.24"]
[SourceVersion "1"]
[SourceVersionDate "2011.11.24"]
[SourceQuality "1"]

1. d4 Nf6 2. c4 e6 3. Nc3 d5 4. Nf3 Bb4 5. Bg5 Nbd7 6. e3 c5 7. Bd3 cxd4 8. exd4 dxc4 9. Bxc4 0-0 10. 0-0 a6 11. Ne4 Be7 12. Bd3 b5 13. Ne5 Bb7 14. Nxf6+ Nxf6 15. Rc1 Nd5 16. Bxe7 Qxe7 17. Qd2 Rac8 18. f4 Qb4 19. Qf2 Ne7 20. Nd7 Rfd8 21. Nc5 Ba8 22. Nxa6 Qxd4 23. Qxd4 Rxd4 24. Rxc8+ Nxc8 25. Bxb5 Nd6 26. Nc7 Bb7 27. b3 Kf8 28. g3 Ke7 29. Rf2 Kd8 30. Rc2 Be4 31. Rc1 Rd2 32. Bf1 Rxa2 33. b4 Rb2 34. b5 Nf5 35. Na6 Bd5 36. Re1 Nd4 37. Nc5 Nf3+ 0-1

[Event "Loire-ch Top20 0910"]
[Site "Loire"]
[Date "2010.02.06"]
[Round "5"]
[White "Bruel, Bruno"]
[Black "Deville, Olivier"]
[Result "0-1"]
[WhiteElo "1760"]
[BlackElo "1990"]
[PlyCount "72"]
[EventDate "2009.12.??"]
[EventType "tourn"]
[EventRounds "7"]
[EventCountry "FRA"]
[SourceTitle "EXT 2011"]
[Source "ChessBase"]
[SourceDate "2010.11.26"]
[SourceVersion "1"]
[SourceVersionDate "2010.11.26"]
[SourceQuality "1"]

1. d4 d5 2. c4 c6 3. Nf3 Nf6 4. e3 Bf5 5. Nc3 e6 6. Be2 Nbd7 7. 0-0 Bd6 8. b3 0-0 9. Bb2 Qe7 10. cxd5 exd5 11. g3 Ne4 12. Nh4 Bh3 13. Re1 Ndf6 14. Ng2 g5 15. Bf1 h5 16. f3 Nxc3 17. Bxc3 h4 18. Nxh4 gxh4 19. Bxh3 hxg3 20. hxg3 Bxg3 21. Re2 Nh5 22. Bd2 Kh8 23. Bg4 Qh4 24. Be1 Bxe1 25. Qxe1 Qxe1+ 26. Raxe1 Nf6 27. Rh2+ Kg7 28. Bf5 Rh8 29. Rg2+ Kf8 30. e4 dxe4 31. fxe4 Rd8 32. Rd1 Rh4 33. Re2 Rf4 34. Rd3 Ke7 35. Kg2 Nh5 36. Kh2 Rh4+ 0-1

[Event "Loire-ch Top20 0809"]
[Site "Loire"]
[Date "2009.03.28"]
[Round "6"]
[White "Bruel, Bruno"]
[Black "Carrot, Patrick"]
[Result "1/2-1/2"]
[WhiteElo "1780"]
[BlackElo "1841"]
[PlyCount "50"]
[EventDate "2008.10.11"]
[EventType "swiss"]
[EventRounds "7"]
[EventCountry "FRA"]
[SourceTitle "EXT 2010"]
[Source "ChessBase"]
[SourceDate "2010.11.25"]
[SourceVersion "1"]
[SourceVersionDate "2010.11.25"]
[SourceQuality "1"]

1. d4 Nf6 2. c4 g6 3. Nc3 d5 4. Nf3 Bg7 5. cxd5 Nxd5 6. e4 Nxc3 7. bxc3 0-0 8. Be2 c5 9. 0-0 Nd7 10. Be3 cxd4 11. cxd4 b6 12. Rc1 Bb7 13. e5 Rc8 14. Qa4 a6 15. Rxc8 Qxc8 16. Rc1 Qe8 17. Rc7 Bxf3 18. gxf3 Nb8 19. Qc2 Qd8 20. Bd3 b5 21. f4 e6 22. Be4 Re8 23. Qc5 Bf8 24. Qc2 Kg7 25. Bb7 Bb4 1/2-1/2

[Event "Loire-ch Top20 0405"]
[Site "Loire"]
[Date "2004.09.25"]
[Round "1"]
[White "Clement, Paul"]
[Black "Bruel, Bruno"]
[Result "0-1"]
[WhiteElo "2001"]
[BlackElo "1870"]
[PlyCount "90"]
[EventDate "2004.09.25"]
[EventType "swiss"]
[EventRounds "9"]
[EventCountry "FRA"]
[SourceTitle "EXT 2008"]
[Source "ChessBase"]
[SourceDate "2007.11.25"]
[SourceVersion "1"]
[SourceVersionDate "2007.11.25"]
[SourceQuality "1"]

1. Nf3 Nf6 2. g3 d5 3. Bg2 Nbd7 4. d3 e5 5. 0-0 Bd6 6. e4 dxe4 7. dxe4 0-0 8. Qe2 Nb6 9. b3 Qe7 10. Bb2 Bd7 11. c4 Bc6 12. Nc3 a5 13. a4 Nbd7 14. Nh4 g6 15. Rad1 Nc5 16. Qc2 Ne6 17. Nd5 Bxd5 18. exd5 Nc5 19. Rfe1 Rae8 20. f4 Nfd7 21. fxe5 Nxe5 22. Bxe5 Bxe5 23. Nf3 Qd6 24. Nxe5 Rxe5 25. Qc3 Rfe8 26. Rxe5 Qxe5 27. Qxa5 Qe3+ 28. Kh1 Nd3 29. h4 Nf2+ 30. Kh2 Nxd1 31. Qxc7 Qe7 32. Qb6 Ne3 33. d6 Qd7 34. Bxb7 Rb8 35. Qxe3 Qxb7 36. c5 Qc6 37. Qd3 Re8 38. Qc4 Re5 39. b4 Qe8 40. a5 Re2+ 41. Kh3 Qd7+ 42. Qg4 Rh2+ 43. Kxh2 Qxg4 44. c6 Qe2+ 45. Kg1 Qe1+ 0-1

[Event "Loire-ch Top20 0304"]
[Site "Loire"]
[Date "2004.01.10"]
[Round "5"]
[White "Pupier, Terry"]
[Black "Bruel, Bruno"]
[Result "0-1"]
[WhiteElo "1800"]
[BlackElo "1800"]
[PlyCount "126"]
[EventDate "2003.09.27"]
[EventType "swiss"]
[EventRounds "9"]
[EventCountry "FRA"]
[SourceTitle "EXT 2008"]
[Source "ChessBase"]
[SourceDate "2007.11.25"]
[SourceVersion "1"]
[SourceVersionDate "2007.11.25"]
[SourceQuality "1"]

1. e4 c5 2. Nf3 d6 3. d4 cxd4 4. Nxd4 Nf6 5. Nc3 a6 6. f3 e6 7. Be3 Be7 8. Qd2 Bd7 9. g4 b5 10. Bd3 Nc6 11. Nxc6 Bxc6 12. Ne2 Qc7 13. Bd4 e5 14. Bf2 d5 15. Ng3 dxe4 16. Nxe4 Bxe4 17. Bxe4 Nxe4 18. fxe4 Rd8 19. Qc3 Qxc3+ 20. bxc3 0-0 21. Bb6 Bh4+ 22. Ke2 Rc8 23. Ba5 Rc4 24. Kd3 Rfc8 25. Rhd1 g6 26. Ke3 Bg5+ 27. Kf3 Ra4 28. Bb4 a5 29. Bd6 Rxc3+ 30. Rd3 Rxd3+ 31. cxd3 Bf4 32. Be7 b4 33. g5 Ra3 34. Ke2 Rc3 35. h4 Rc2+ 36. Ke1 Rc1+ 37. Rxc1 Bxc1 38. Kd1 Bb2 39. Kc2 Bd4 40. Bf6 Kf8 41. Kb3 Ke8 42. Ka4 Bc3 43. Kb5 Kd7 44. Kc4 a4 45. a3 Be1 46. axb4 Kd6 47. d4 exd4 48. Bxd4 a3 49. b5 a2 50. e5+ Kc7 51. Kb3 Bxh4 52. Kxa2 Bxg5 53. Kb3 h5 54. Kc4 h4 55. Kd5 Bf4 56. Ke4 h3 57. Kf3 g5 58. Kf2 g4 59. Kg1 Bd2 60. Kh2 Bf4+ 61. Kg1 g3 62. Kh1 g2+ 63. Kg1 Kb7 0-1